000 00488pab a2200181 454500
008 180718b2013 xxu||||| |||| 00| 0 eng d
100 _aSrivastava, Sushmita
245 _aMentoring and performance: Implications for business organization
260 _c2013
300 _ap.711-725.
362 _aApr
650 _aPerformance appriasal
650 _aOrganizations
700 _aJomon, M.G.
773 _aIndian Journal of Industrial Relations
908 _aN
909 _a100948
999 _c100947
_d100947